Identifikácia koreferencií v texte

Saved in:
Bibliographic Details
Main Author: Zelenčíková, Simona (Author)
Other Authors: Blšták, Miroslav (Thesis advisor)
Format: Manuscript Book
Language:Slovak
Published: 2021
Subjects:
Online Access:http://is.stuba.sk/zp/portal_zp.pl?podrobnosti=159001
Tags: Add Tag
No Tags, Be the first to tag this record!

MARC

LEADER 00000ntm a22000003a 4500
001 stuzp85711
003 SK-STU
005 20210619212125.4
007 ta
008 150427s2015----xo-----f-mn---000-0-slo-d
040 |a STU  |b slo 
041 0 |a slo 
100 1 |a Zelenčíková, Simona  |u 070200  |4 aut  |U FIIT Fakulta informatiky a informačných technológií  |T FIIT Ústav informatiky, informačných systémov a softvérového inžinierstva  |X 86078  |U I200  |Y 179  |7 86078 
242 0 1 |a Coreference resolution in text  |y eng 
245 1 0 |a Identifikácia koreferencií v texte 
260 |c 2021 
650 4 |a entita  |2 slo 
650 4 |a zamlčaný podmet  |2 slo 
650 4 |a nominálna fráza  |2 slo 
650 4 |a zámená  |2 slo 
650 4 |a koreferencia  |2 slo 
650 4 |a identifikácia koreferencií  |2 slo 
650 4 |a koreferentný vzťah  |2 slo 
650 4 |a coreference resolution  |2 eng 
650 4 |a null subject  |2 eng 
650 4 |a coreferential relation  |2 eng 
650 4 |a nominal phrase  |2 eng 
650 4 |a pronouns  |2 eng 
650 4 |a coreference  |2 eng 
650 4 |a entity  |2 eng 
700 1 |a Blšták, Miroslav  |4 ths  |X 64307  |7 64307 
856 4 |u http://is.stuba.sk/zp/portal_zp.pl?podrobnosti=159001